000 00648nam a2200253Ia 4500
005 20260121161308.0
008 008 260114s9999 xx 000 0 eng d
020 _a9781032700120
037 _aEBOOK
040 _aCRL
040 _beng
040 _cCRL
041 _2eng
041 _aeng
084 _qCRL
100 _aSara Torres-Vega; Wendy Woon
_91042624
245 0 _aArt Education as a Radical Act:Untold Histories of Education at MoMA
260 _bTaylor and Francis
260 _c2024
856 _uhttp://www.taylorfrancis.com/books/9781032700120
942 _cEBOOK
999 _c1609440
_d1609440